Sanat - "Pariterapiaa" - PMMP - Statistics

Yleistilastot
  • Tätä visaa on pelattu 89 kertaa
  • Keskiarvotulos 140 / 222
Vastaustilastot
Sanat % Oikein
en
96%
96%
on
94%
ja
91%
ei
89%
halua
89%
erota
87%
et
87%
kun
87%
vaan
87%
vähän
87%
koska
85%
85%
kipeä
83%
pää
83%
mun
81%
täytyy
81%
aio
80%
puhua
80%
sua
80%
Sulla
80%
vain
80%
ylitöitä
80%
perseet
78%
tallinnaan
78%
hyttiin
76%
jonkun
76%
laivalla
76%
raahaan
76%
sun
76%
vedän
76%
hillityt
72%
jos
72%
koske
72%
mutta
72%
että
70%
mieli
70%
millään
70%
muhun
70%
niin
70%
tee
70%
nyt
69%
petä
69%
yks
69%
ikinä
67%
mua
67%
lipeä
65%
riitä
65%
tekosyitä
65%
haluu
63%
ihan
63%
kai
63%
riittää
63%
se
63%
terapiaan
63%
tyttöporukalla
63%
hyvin
61%
kerta
61%
kiireesti
61%
vuodessa
59%
ole
57%
terve
57%
mikset
56%
saa
56%
taas
56%
tällainen
56%
mihin
54%
minä
54%
mitään
54%
tiedät
54%
johtaakaan
52%
suu
52%
vaihe
52%
ruma
50%
uus
50%
oon
48%
saat
46%
kyselee
44%
miltä
44%
tuntuu
44%
ymmärtäväinen
44%
lapsuus
43%
molemmilta
43%
pitsiin
43%
pukeudun
43%
teistä
43%
vanhemmuus
43%
ahdistaa
41%
loppu
41%
missä
41%
rahat
41%
taskuun
41%
illalla
39%
kädestä
39%
katsellaan
39%
lekurin
39%
pieleen
39%
ryyppäämään
39%
silmiin
39%
hiljaa
37%
kiinni
37%
menemään
37%
menikään
37%
otetaan
37%
rupesit
37%
saan
37%
hyvännäköinen
35%
kova
35%
ollut
35%
painaa
35%
pantu
35%
pettänyt
35%
piilee
35%
sairauslomaa
35%
sitten
35%
sut
35%
takia
35%
tutkitutetaan
35%
vaikka
35%
kallista
33%
lomautettu
33%
masennus
33%
oikein
33%
päällä
33%
turhan
33%
vaatteet
33%
viilee
33%
diagnoosin
31%
suuttuis
31%
tietäis
31%
voi
31%
ainakin
30%
kumpikin
30%
melko
30%
olla
30%
yksityissektorilla
30%
kohta
28%
miksen
28%
pohtii
28%
vastapäätä
28%
antidepressantit
26%
varalta
26%
varmuuden
26%
vielä
26%
enhän
24%
hymisee
24%
mikään
24%
muuttuis
24%
ne
24%
tekee
24%
vastenmielinen
24%
yt-suma
20%
Ehtoja vastaavia visoja ei löytynyt
Tulosjakauma
Jokaisen tuloksen saaneiden osuus
Persentiili vastausten määrän mukaan
Tuloshistoriasi
Et ole pelannut tätä visaa